000 00620nam a2200205Ia 4500
003 OSt
005 20200921133359.0
008 191128t1994 ck a gr 000 f spa d
020 _a9589567207
040 _aCO-JMCR
_cCO-JMCR
041 _aspa
082 0 4 _aR /
_b 590 E561e
245 0 _aEnciclopedia visual seres vivos /
260 _aBogotá :
_bCasa Editorial el Tiempo,
_c©1994
300 _a180 páginas :
_bilustraciones a color ;
_c21 cm.
500 _aIncluye índice páginas 181-196
505 _aCuerpo humano -- Animales -- Plantas
650 1 4 _aEnciclopedias Cuerpo humano
_910580
942 _2ddc
_cBK
999 _c4408
_d4408